Forgotten Pokemon - Generation I - Statistics

General Stats
  • This quiz has been taken 54 times
  • The average score is 61 of 77
Answer Stats
Type Answer % Correct
Dragon Dragonair
92%
Dragon Dratini
92%
Dragon/Flying Dragonite
89%
Normal/Flying Fearow
89%
Poison/Ground Nidoking
89%
Poison/Ground Nidoqueen
89%
Poison Nidoran♀
89%
Poison Nidoran♂
89%
Poison Nidorina
89%
Poison Nidorino
89%
Normal/Flying Spearow
89%
Psychic Abra
86%
Water/Ice Dewgong
86%
Ghost/Poison Haunter
86%
Bug/Poison Kakuna
86%
Bug Caterpie
84%
Ghost/Poison Gastly
84%
Psychic Kadabra
84%
Bug Metapod
84%
Grass/Poison Oddish
84%
Bug/Grass Paras
84%
Normal/Flying Pidgey
84%
Water Seel
84%
Water/Psychic Starmie
84%
Water Staryu
84%
Bug/Poison Weedle
84%
Fire Charmander
81%
Fire Charmeleon
81%
Rock/Water Kabuto
81%
Rock/Water Kabutops
81%
Electric/Steel Magnemite
81%
Psychic Mew
81%
Bug/Grass Parasect
81%
Normal/Flying Pidgeotto
81%
Grass/Poison Bulbasaur
78%
Fairy Clefable
78%
Water/Ice Cloyster
78%
Normal/Flying Dodrio
78%
Normal/Flying Doduo
78%
Poison Ekans
78%
Water Golduck
78%
Grass/Poison Ivysaur
78%
Water Magikarp
78%
Fighting Mankey
78%
Rock/Water Omanyte
78%
Rock/Water Omastar
78%
Water Poliwag
78%
Water Psyduck
78%
Grass/Poison Vileplume
78%
Poison Arbok
76%
Grass/Poison Bellsprout
76%
Normal Ditto
76%
Psychic Hypno
76%
Fighting Machoke
76%
Fighting Machop
76%
Water/Fighting Poliwrath
76%
Normal/Fairy Wigglytuff
76%
Psychic Drowzee
73%
Water Goldeen
73%
Poison Koffing
73%
Water Seaking
73%
Grass/Poison Victreebel
73%
Poison/Flying Zubat
73%
Ground Cubone
70%
Grass/Psychic Exeggcute
70%
Ground/Rock Rhyhorn
70%
Water Shellder
70%
Water Wartortle
70%
Grass/Poison Weepinbell
70%
Water Horsea
68%
Water Squirtle
68%
Bug/Poison Venomoth
68%
Bug/Poison Venonat
68%
Fire Flareon
65%
Electric Jolteon
65%
Water Krabby
65%
Water Vaporeon
62%
No matching quizzes found
Score Distribution
Percent of People with Each Score
Percentile by Number Answered
Your Score History
You have not taken this quiz